000 00575nam a2200205Ia 4500
003 GCL
005 20240530100350.0
008 140319s9999 xx 000 0 eng d
040 _aGCL /
_cGCL
082 0 4 _a770.23
_bD L
100 1 _aDAVAL, JEAN - LUC
245 1 0 _aLA PHOTOGRAPHIE HISTOIRE D'UN ART /
_cDAVAL, JEAN - LUC
260 _a[S.N] :
_bArt Albert Skira S.A ،
_c1982
300 _a267 PP
650 0 4 _aالتصوير الفوتوغرافى
650 0 4 _aاللوحات الفنية
650 0 4 _aرسم الاشخاص
650 0 4 _aART
942 _2ddc
_cBK
999 _c16996
_d16996